Представление документа в формате RUSMARC

ПолеНазваниеЗначение
  Тип записи a
  Библиографический уровень m
001 Контрольный номер e7b353d44ba9487d912e0761bc206918
005 Дата корректировки 20140627161155.0
010 Индекс ISBN __
a ISBN 978-5-16-000293-4
200 Заглавие и сведения об ответственности 1_
a Заглавие Теория экономического анализа
e Сведения, относящиеся к заглавию учеб. пособие
f Первые сведения об ответственности Л. Е. Басовский
210 Выходные данные 1_
a Место издания М.
c Издательство ИНФРА-М
d Дата издания 2010
215 Физическое описание __
a Объем 220, [2] с.
225 Серия 2_
a Серия Высшее образование
300 Общие примечания __
a Общие примечания гриф МО
610 Ключевые слова 0_
a Ключевые слова экономический анализ
610 Ключевые слова 0_
a Ключевые слова теория экономического анализа
610 Ключевые слова 0_
a Ключевые слова анализ инвестиций
610 Ключевые слова 0_
a Ключевые слова анализ финансовой деятельности
610 Ключевые слова 0_
a Ключевые слова гриф
610 Ключевые слова 0_
a Ключевые слова учебное пособие
686 Индексы других классификаций __
a Классификационный индекс 65.053.9(2)я73
2 Код системы rubbk
700 Автор _1
a Фамилия Басовский
b Имя Л. Е.
g Полное личное имя Леонид Ефимович
801 Источник записи _0
a Страна RU
b Организация РУК
c Дата составления 20110208
g Правила каталогизации PSBO
801 Источник записи _1
a Страна RU
b Организация РУК
c Дата составления 20110208
g Правила каталогизации PSBO
852 Данные о местонахождении __
i Авторский знак Б 27
j Шифр хранения ББК 65.053
901 Тип документа __
t Тип документа m
938 Служебная информация __
a Название организации Головной вуз
b Имя БД BOOK
c Название АИБС АИБС ИРБИС
938 Служебная информация __
a Название организации Сыктывкарский филиал
952 Тип литературы __
b Гриф литературы для ВШ гриф